000 00896nam a22002657i 4500
001 12769
003 ES-MaACL
005 20230906150407.0
007 t|
008 910418s1988 sp ||||0| spa j
016 7 _zSAB9000097344
020 _a84-7472-086-9
040 _aM-BN-DP
_bspa
_cM-BN-DP
080 _a738.033.3(468.15)
100 1 _aFlores Escobosa, Isabel.
_951280
245 1 0 _aEstudio preliminar sobre loza azul y dorada nazarí de la Alhambra /
_cpor Isabel Flores Escobosa.
260 _aMadrid :
_bInstituto Hispano-Arabe de Cultura,
_c1988.
300 _a189 p. :
_bil. ;
_c24 cm.
490 1 _aCuadernos de arte y arqueología ;
_v4
504 _aBibliografía: p. 163-166.
650 4 _aCerámica musulmana-
_zGranada (Reino)
_910897
830 0 _aCuadernos de arte y arqueología ;
_v4
_9179370
852 _aES-MaACL
_jL-19994
_bR.116999
999 _c12769
_d12769